Vijf Meest Bevolkte Landen op een Veelkleurige Wereld Kaart - Statistieken

Algemene statistieken
  • Deze quiz is 499 keer genomen
  • De gemiddelde score is 26 van 40
Antwoorden op de kaart
Antwoorden kleurgecodeerd door een groen-rode schaal op de quizkaart volgens % correct hieronder.
 
Antwoordstatistieken
Color Country % Correct
Red Verenigde Staten
96%
Red Canada
92%
Yellow China
92%
Black Rusland
89%
Green Brazilië
88%
Purple India
87%
Blue Mexico
85%
Yellow Argentinië
84%
Red Indonesië
80%
Blue Frankrijk
78%
Yellow Duitsland
77%
Orange Italië
75%
Black Japan
73%
Orange Congo-Kinshasa
72%
Red Algerije
71%
Orange Egypte
70%
Blue Iran
68%
Pink Turkije
68%
Green Verenigd Koninkrijk
68%
Pink Pakistan
66%
Red Ethiopië
65%
Purple Nigeria
64%
Blue Thailand
64%
Green Polen
62%
Pink Colombia
61%
Blue Vietnam
60%
Orange Irak
59%
Purple Venezuela
57%
Black Myanmar
56%
Orange Mali
55%
Black Bangladesh
51%
Yellow Kenia
47%
Black Roemenië
46%
Pink Tanzania
42%
Green Mozambique
40%
Purple Zuid-Korea
36%
Green Kameroen
33%
Purple Ivoorkust
32%
Yellow Filipijnen
30%
Pink Oezbekistan
30%
Geen overeenkomende quizzen gevonden
Scoreverdeling
Procent van Mensen met Elke Score
Percentiel versus Aantal Correcte Antwoorden
Uw Scoregeschiedenis
U heeft deze quiz nog niet genomen